00616 a2200145 4500003000500000005001700005040000900022082001700031100001700048245006300065260002300128300001100151505027800162650003000440Nust20230313121945.0 cNust a355.0092,WAL aWavell, Earl aSoldiers and soldiering or Epithets of war /cEarl, Wavell aLondonbCapec1953 a174 p. aGenerals and Generalship (Page-13), Military Genius (Page-45), Belisarius (Page-57), Rommel (Page-74), Field Marshal (Page-84), Allied Cooperation (Page-84), Allied Cooperation (Page-84), The Good Soldiers (Page-112), The Good Soldier (Page-112), A Note Command (Page-127). aMilitary art and science.